000 00812cab a2200229 4500
001 ABS44055
008 090401t1991 xxu||||| |||| 00| 0 eng d
035 _a(Sirsi) u45106
041 _aeng
100 _aBurberry, P.
245 _aSaving energy: what matters now
260 _c1991
350 _a0
490 _aArchitects` Journal
_v193(7) 13 February 1991, 55-59(5)
520 _aDiscusses how climate change and increasing pollution are forcing people to use less energy and how this changes design priorities. Gives a table of good general building energy design and a detailed energy design checklist.
650 _aENERGY EFFICIENCY
650 _aEnvironment
_96238
650 _aGREEN ISSUES
690 _aBUILDING AND CONSTRUCTION-ENERGY CONSERVATION
942 _n0
948 _c04/03/1997
999 _c28675
_d28675